Estados de los Estados Unidos - ¡Muerte súbita! - Estadísticas

Estadísticas generales
  • Esta prueba ha sido intentada 505 veces
  • La puntuación promedio es 16 de 18
Answers on the Grid
Answers color-coded by a green-red scale on the quiz's grid according to % correct below.
Delaware
Auckland
Nueva York
Texas
Ontario
Sydney
Maryland
Queensland
Nuevo México
Alabama
Quebec
Alaska
Alberta
Onibury
Wyoming
Arizona
Washington
Manitoba
Colorado
Denbighshire
Birmingham
Wisconsin
California
Norfolk
Nevada
Idaho
Nuevo Brunswick
Mackenzie
Florida
Melbourne
Míchigan
Luisiana
 
Estadísticas de respuestas
Respuesta % Correcto
Texas
93%
Alaska
90%
Arizona
90%
Alabama
89%
California
88%
Florida
88%
Nevada
88%
Nueva York
88%
Colorado
87%
Nuevo México
87%
Luisiana
86%
Washington
86%
Wisconsin
86%
Delaware
84%
Idaho
84%
Míchigan
84%
Wyoming
80%
Maryland
77%
No se encontraron pruebas coincidentes
Distribución de puntuación
Porcentaje de gente con cada puntuación
Porcentaje por número respondido
Historial de tus puntuaciones
No has intentado esta prueba.